000 00543nam a2200181Ia 4500
003 GCL
008 140319s9999 xx 000 0 ara d
040 _aGCL /
_cGCL
082 0 4 _a214
_bم م
100 1 _aمحمد حسين الذهبى
245 1 0 _aماذا قال الشيخ الذهبى ولماذا قتلوه ؟ /
_cمحمد حسين الذهبى
260 _aالقاهرة :
_bالمؤلف
300 _a48 ص ؛
_c24 سم
490 _a
650 0 4 _aالاسلام
650 0 4 _aالاسلام - تراجم
942 _2ddc
_cBK
999 _c42131
_d42131